00447 2200169 4500001002100000005001700021008004100038020001800079035002500097041000700122082000800129090001400137100001700151245005100168260004600219650001200265INLIS0000000000044100:yyyyMMddHHmmss180719||||||||| | ||| |||| || |  a979-678-457-2 a0010-031300000004410 aid0 a500 a500 PUR p0 apurbowinanto00aPelajaran biologi untuk SMU kelas 2 semester 1 aBandungbPT SARANA PANCA KARYA NUSAc2005 0abiologi